[Event "Perm op 06"]
[Site "Perm"]
[Date "2010.06.23"]
[Round "3"]
[White "Shalynykh, Viktor"]
[Black "Tatarinov, Dmitry"]
[Result "0-1"]
[WhiteElo "2099"]
[BlackElo "2072"]
[PlyCount "72"]
[EventDate "2010.06.21"]
[EventType "swiss"]
[EventRounds "9"]
[EventCountry "RUS"]
[SourceTitle "CBM 137 Extra"]
[Source "ChessBase"]
[SourceDate "2010.09.01"]
[SourceVersion "1"]
[SourceVersionDate "2010.09.01"]
[SourceQuality "1"]

1. e4 c6 2. Nf3 d5 3. Nc3 dxe4 4. Nxe4 Nf6 5. Nxf6+ exf6 6. Be2 Bd6 7. c3 0-0 8. d4 Re8 9. Be3 f5 10. Qd2 Nd7 11. Bf4 Bxf4 12. Qxf4 Nf8 13. Qd2 Qe7 14. Kf1 Ng6 15. Re1 Be6 16. Bd3 Qd6 17. b3 Bd5 18. Bxf5 Bxf3 19. Bxg6 Bxg2+ 20. Kxg2 Qxg6+ 21. Kf3 Qh5+ 22. Kg3 Qg6+ 23. Kf3 Re6 24. Rxe6 Qxe6 25. Qe3 Qh3+ 26. Ke2 Qd7 27. Kd2 Re8 28. Qf4 Qe7 29. Qe3 Qf8 30. Qd3 Qa3 31. Qc2 Qe7 32. Qd3 Qg5+ 33. Kd1 Qg4+ 34. Kc1 Re2 35. Qg3 Qxg3 36. fxg3 Rxa2 0-1

[Event "Perm op2 01"]
[Site "Perm"]
[Date "2009.01.12"]
[Round "7"]
[White "Shalynykh, Viktor"]
[Black "Samigullina, Diana"]
[Result "1-0"]
[WhiteElo "1443"]
[BlackElo "2084"]
[PlyCount "81"]
[EventDate "2009.01.12"]
[EventType "swiss"]
[EventRounds "8"]
[EventCountry "RUS"]
[SourceTitle "EXT 2022"]
[Source "ChessBase"]
[SourceDate "2021.10.06"]
[SourceVersion "1"]
[SourceVersionDate "2021.10.06"]
[SourceQuality "1"]

1. e4 c6 2. d4 d5 3. Nd2 dxe4 4. Nxe4 Bf5 5. Ng3 Bg6 6. Nf3 Nd7 7. Nh4 Ngf6 8. Nxg6 hxg6 9. Bd3 e6 10. Be3 Bd6 11. Qf3 Qa5+ 12. c3 0-0-0 13. Bc4 Nb6 14. Bb3 Nbd5 15. Bd2 Qc7 16. h3 e5 17. dxe5 Bxe5 18. 0-0-0 Rhe8 19. Rhe1 Nf4 20. Bc2 Ne6 21. Nf1 Nd5 22. g3 Bf6 23. Qg4 Qa5 24. Kb1 Qb6 25. Qf3 Kb8 26. Bb3 a5 27. Ne3 Nxc3+ 28. bxc3 a4 29. Nc4 Qa6 30. Kb2 Nc5 31. Rxe8 Rxe8 32. Bf4+ Ka8 33. Be3 axb3 34. axb3 Na4+ 35. Kc2 Rxe3 36. Qxe3 Nxc3 37. Nb6+ Kb8 38. Nd7+ Kc8 39. Qe8+ Bd8 40. Kxc3 Qa5+ 41. Kb2 1-0

[Event "Perm op2 01"]
[Site "Perm"]
[Date "2009.01.12"]
[Round "2"]
[White "Volodin, Ivan"]
[Black "Shalynykh, Viktor"]
[Result "1-0"]
[WhiteElo "2028"]
[BlackElo "2351"]
[PlyCount "69"]
[EventDate "2009.01.12"]
[EventType "swiss"]
[EventRounds "8"]
[EventCountry "RUS"]
[SourceTitle "EXT 2022"]
[Source "ChessBase"]
[SourceDate "2021.10.06"]
[SourceVersion "1"]
[SourceVersionDate "2021.10.06"]
[SourceQuality "1"]

1. c4 Nf6 2. Nc3 d5 3. cxd5 Nxd5 4. Nf3 Nc6 5. g3 e5 6. Bg2 Be6 7. 0-0 Be7 8. d3 0-0 9. Bd2 f6 10. Rc1 Qd7 11. Ne4 b6 12. Nc3 Nd8 13. Nh4 c6 14. a3 a5 15. Na4 Rb8 16. e4 Nc7 17. Be3 c5 18. b4 axb4 19. axb4 Qb5 20. Nf5 Bxf5 21. exf5 Nb7 22. Nc3 Qd7 23. Qb3+ Kh8 24. Bxb7 Rxb7 25. bxc5 Qxf5 26. cxb6 Ne6 27. Ne4 Nf4 28. Rc7 Rxc7 29. bxc7 Qh3 30. gxf4 Qg4+ 31. Ng3 exf4 32. Qc4 g5 33. Bc5 Bxc5 34. Qxc5 Kg7 35. Qf5 1-0

[Event "Perm AVGRT op"]
[Site "Perm"]
[Date "2006.08.08"]
[Round "6"]
[White "Kuznetsov, Mikhail V"]
[Black "Shalynykh, Viktor"]
[Result "1-0"]
[WhiteElo "2152"]
[BlackElo "2121"]
[PlyCount "62"]
[EventDate "2006.08.03"]
[EventType "swiss"]
[EventRounds "9"]
[EventCountry "RUS"]
[SourceTitle "EXT 2008"]
[Source "ChessBase"]
[SourceDate "2007.11.25"]
[SourceVersion "1"]
[SourceVersionDate "2007.11.25"]
[SourceQuality "1"]

1. c4 e5 2. Nc3 Nf6 3. Nf3 Nc6 4. e3 d5 5. d4 exd4 6. exd4 Bg4 7. Be3 dxc4 8. Bxc4 Bd6 9. h3 Bd7 10. 0-0 0-0 11. a3 a6 12. b4 b5 13. Bb3 a5 14. Nxb5 axb4 15. Nxd6 cxd6 16. d5 Ne7 17. axb4 Rxa1 18. Qxa1 Nexd5 19. Bg5 Qb6 20. Rd1 Be6 21. Nd4 Ne4 22. Bxd5 Bxd5 23. Be3 Ra8 24. Qb2 Ra2 25. Nf5 Rxb2 26. Bxb6 Nc3 27. Re1 Be6 28. Kh2 Rxb4 29. Ba5 Rb3 30. Nd4 Rb2 31. Bxc3 Rxf2 1-0